000 01028cam a2200229 4500
001 ##L134762
008 060830n2006 000 0 eng u
035 _a(Sirsi) u134762
041 0 _aeng
050 0 4 _a333.33 $2 18
110 2 _aCB Richard Ellis
_93675
245 0 0 _aResidential density
_bbig and getting bigger
260 _aLondon
_bCBRE
_c2006
490 0 _aCB Richard Ellis/Hamptons International Market View
_vJuly 2006
520 _aExamines the density of 38 residential developments across London. 13% of the schemes reviewed had a density higher than the maximum recommended in the GLA's London Plan Density Matrix. The average density of residential schemes has been increasing in recent years, by about 60% each year since 2003. Tables.
590 _aIKA050906
651 4 _aLONDON
690 _aPROPERTY-RESIDENTIAL PROPERTY-RESIDENTIAL PROPERTY DEVELOPMENT
710 2 _aHamptons International
_94999
856 4 0 _uhttps://www.cbre.com
_zView the item free of charge at www.cbre.com...
942 _n0
999 _c105798
_d105798